[Event "Wattens op 15th"]
[Site "Wattens"]
[Date "2000.09.02"]
[Round "8"]
[White "Gretzinger, Heinz"]
[Black "Steck, Werner"]
[Result "0-1"]
[WhiteElo "1765"]
[BlackElo "1827"]
[PlyCount "56"]
[EventDate "2000.08.26"]
[EventType "swiss"]
[EventRounds "9"]
[EventCountry "AUT"]
[SourceTitle "EXT 2001"]
[Source "ChessBase"]
[SourceDate "2000.11.22"]
[SourceVersion "1"]
[SourceVersionDate "2000.11.22"]
[SourceQuality "1"]

1. d4 Nf6 2. Nf3 g6 3. c4 d5 4. Nc3 Bg7 5. cxd5 Nxd5 6. e4 Nxc3 7. bxc3 c5 8. Rb1 0-0 9. Be2 Nc6 10. d5 Bxc3+ 11. Bd2 Bxd2+ 12. Qxd2 Na5 13. Qh6 f6 14. h4 Rf7 15. h5 g5 16. e5 b6 17. Rd1 Bb7 18. Rh3 Bxd5 19. Nxg5 fxg5 20. Rg3 e6 21. Rxg5+ Kh8 22. Rxd5 exd5 23. e6 Qf8 24. Qxf8+ Rfxf8 25. Rxd5 Rfe8 26. Bg4 Rad8 27. Rxd8 Rxd8 28. f4 Kg7 0-1

[Event "Wattens op 15th"]
[Site "Wattens"]
[Date "2000.08.30"]
[Round "5"]
[White "Steck, Werner"]
[Black "Sachsenhofer, Michael"]
[Result "1/2-1/2"]
[WhiteElo "1827"]
[BlackElo "1643"]
[PlyCount "32"]
[EventDate "2000.08.26"]
[EventType "swiss"]
[EventRounds "9"]
[EventCountry "AUT"]
[SourceTitle "EXT 2001"]
[Source "ChessBase"]
[SourceDate "2000.11.22"]
[SourceVersion "1"]
[SourceVersionDate "2000.11.22"]
[SourceQuality "1"]

1. d4 Nf6 2. c4 g6 3. Nc3 d5 4. cxd5 Nxd5 5. e4 Nxc3 6. bxc3 Bg7 7. Bc4 c5 8. Ne2 Nc6 9. Be3 cxd4 10. cxd4 0-0 11. 0-0 Qd6 12. Rb1 Rd8 13. e5 Qc7 14. Qc1 Bf5 15. Rb2 Rac8 16. Bb3 b6 1/2-1/2

[Event "Wattens op 15th"]
[Site "Wattens"]
[Date "2000.08.28"]
[Round "3"]
[White "Steck, Werner"]
[Black "Arnold, Johann"]
[Result "0-1"]
[WhiteElo "1827"]
[BlackElo "1471"]
[PlyCount "70"]
[EventDate "2000.08.26"]
[EventType "swiss"]
[EventRounds "9"]
[EventCountry "AUT"]
[SourceTitle "EXT 2001"]
[Source "ChessBase"]
[SourceDate "2000.11.22"]
[SourceVersion "1"]
[SourceVersionDate "2000.11.22"]
[SourceQuality "1"]

1. d4 d5 2. c4 e6 3. e3 Nf6 4. Nc3 Be7 5. Nf3 0-0 6. Bd3 Nbd7 7. cxd5 exd5 8. Bd2 Re8 9. Rc1 h6 10. 0-0 c6 11. a3 Bd6 12. Bb1 Ne4 13. Ne2 Ndf6 14. h3 Bf5 15. Nf4 Qd7 16. Nh2 Re7 17. g4 Bh7 18. f3 Nxd2 19. Bxh7+ Nxh7 20. Qxd2 Rae8 21. Rfe1 Qc7 22. Nxd5 Bxh2+ 23. Kh1 Qg3 24. Nxe7+ Rxe7 25. Qxh2 Qxf3+ 26. Qg2 Rxe3 27. Qxf3 Rxf3 28. Kg2 Rb3 29. Re8+ Nf8 30. Rc2 g6 31. Re7 Ne6 32. Rf2 g5 33. Rfxf7 Nf4+ 34. Kf1 Rf3+ 35. Ke1 Ng2+ 0-1

[Event "Wattens op 15th"]
[Site "Wattens"]
[Date "2000.08.27"]
[Round "2"]
[White "Oreskovic, Andelko"]
[Black "Steck, Werner"]
[Result "1/2-1/2"]
[WhiteElo "1671"]
[BlackElo "1827"]
[PlyCount "35"]
[EventDate "2000.08.26"]
[EventType "swiss"]
[EventRounds "9"]
[EventCountry "AUT"]
[SourceTitle "EXT 2001"]
[Source "ChessBase"]
[SourceDate "2000.11.22"]
[SourceVersion "1"]
[SourceVersionDate "2000.11.22"]
[SourceQuality "1"]

1. Nc3 e5 2. Nf3 d6 3. d4 exd4 4. Nxd4 Nf6 5. e4 Be7 6. Be2 0-0 7. 0-0 c5 8. Nf3 h6 9. h3 Nc6 10. Bf4 a6 11. Re1 Re8 12. e5 dxe5 13. Bxe5 Nxe5 14. Nxe5 Qc7 15. Bc4 Rf8 16. Ng6 Re8 17. Ne5 Rf8 18. Ng6 1/2-1/2

[Event "Seefeld op 10th"]
[Site "Seefeld"]
[Date "1999.09.18"]
[Round "8"]
[White "Muuss, Klaus"]
[Black "Steck, Werner"]
[Result "1/2-1/2"]
[WhiteElo "2035"]
[BlackElo "1800"]
[PlyCount "102"]
[EventDate "1999.09.11"]
[EventType "swiss"]
[EventRounds "9"]
[EventCountry "AUT"]
[SourceTitle "EXT 2001"]
[Source "ChessBase"]
[SourceDate "2000.11.22"]
[SourceVersion "1"]
[SourceVersionDate "2000.11.22"]
[SourceQuality "1"]

1. e4 e6 2. d4 d5 3. Nc3 Nf6 4. Bg5 Be7 5. e5 Nfd7 6. h4 Bxg5 7. hxg5 Qxg5 8. Nh3 Qe7 9. Bd3 a6 10. Nf4 Nf8 11. Qg4 g6 12. Nfxd5 f5 13. Nxe7 fxg4 14. Nxc8 Kf7 15. d5 exd5 16. e6+ Nxe6 17. Nxd5 Nc6 18. Nxc7 Nxc7 19. Nd6+ Kg7 20. 0-0 Rab8 21. Rfe1 Rhd8 22. Nc4 Nd5 23. Ne5 Nxe5 24. Rxe5 Rd7 25. Rae1 Rbd8 26. a3 h5 27. g3 b5 28. Re6 Rd6 29. Bxg6 h4 30. gxh4 Rxe6 31. Rxe6 Nf4 32. Bf5 Rd1+ 33. Kh2 Nxe6 34. Bxe6 Rd2 35. Bb3 a5 36. a4 b4 37. Kg3 Kf6 38. Kxg4 Rxf2 39. Kg3 Rd2 40. Kf3 Kf5 41. Ke3 Rh2 42. Kd4 Rxh4+ 43. Kc5 Rh5 44. Bd5 Ke5 45. c4 Rh2 46. Kb5 Rxb2 47. Kxa5 b3 48. Kb4 Rb1 49. Kc3 b2 50. Kc2 Ra1 51. Kxb2 Rxa4 1/2-1/2

[Event "Seefeld op 10th"]
[Site "Seefeld"]
[Date "1999.09.17"]
[Round "7"]
[White "Steck, Werner"]
[Black "Boensch, Detlef"]
[Result "1-0"]
[WhiteElo "1800"]
[BlackElo "1603"]
[PlyCount "37"]
[EventDate "1999.09.11"]
[EventType "swiss"]
[EventRounds "9"]
[EventCountry "AUT"]
[SourceTitle "EXT 2001"]
[Source "ChessBase"]
[SourceDate "2000.11.22"]
[SourceVersion "1"]
[SourceVersionDate "2000.11.22"]
[SourceQuality "1"]

1. d4 Nf6 2. c4 e6 3. Nf3 d5 4. Bg5 Be7 5. e3 c5 6. Nc3 a6 7. dxc5 Nbd7 8. b4 0-0 9. cxd5 exd5 10. a3 h6 11. Bh4 Re8 12. Bd3 Nf8 13. Qc2 Be6 14. 0-0 Qc7 15. Bg3 Qc8 16. Rac1 Qd8 17. Rfd1 Rc8 18. e4 Ra8 19. exd5 1-0

[Event "Seefeld op 10th"]
[Site "Seefeld"]
[Date "1999.09.14"]
[Round "4"]
[White "Jaenig, Reinhard"]
[Black "Steck, Werner"]
[Result "1-0"]
[WhiteElo "2132"]
[BlackElo "1800"]
[PlyCount "103"]
[EventDate "1999.09.11"]
[EventType "swiss"]
[EventRounds "9"]
[EventCountry "AUT"]
[SourceTitle "EXT 2001"]
[Source "ChessBase"]
[SourceDate "2000.11.22"]
[SourceVersion "1"]
[SourceVersionDate "2000.11.22"]
[SourceQuality "1"]

1. e4 e6 2. d4 d5 3. Nc3 Bb4 4. e5 Bxc3+ 5. bxc3 c5 6. Qg4 g6 7. Nf3 Nc6 8. h4 Qa5 9. Bd2 f5 10. Qf4 h6 11. Rg1 c4 12. g4 Nge7 13. Bh3 Bd7 14. a4 0-0-0 15. Ke2 Rdg8 16. gxf5 gxf5 17. Rxg8+ Nxg8 18. Qg3 Qd8 19. Qg7 Nge7 20. Bxh6 Rg8 21. Qf7 Qe8 22. Qxe8+ Bxe8 23. Rg1 Rxg1 24. Nxg1 Bh5+ 25. Ke3 Ng6 26. Bg5 Kd7 27. Ne2 Nce7 28. Ng3 Bd1 29. h5 Nf8 30. Kd2 Bf3 31. Bf1 Nh7 32. Bf4 Ke8 33. Be2 Bxe2 34. Kxe2 Ng8 35. Kf3 Kf7 36. Ne2 Kg7 37. Kg3 Nh6 38. f3 Nf7 39. Kh4 Nf8 40. Bc1 Nd7 41. Nf4 Nd8 42. Ba3 Kh7 43. Be7 Nc6 44. Bd6 Nb6 45. Nxe6 Nxa4 46. Kg5 Nxc3 47. Nf8+ Kg8 48. h6 Nb5 49. Kg6 Nxd6 50. h7+ Kh8 51. exd6 a5 52. Kh6 1-0

[Event "Seefeld op 10th"]
[Site "Seefeld"]
[Date "1999.09.11"]
[Round "1"]
[White "Steck, Werner"]
[Black "Medunova, Vera"]
[Result "0-1"]
[WhiteElo "1800"]
[BlackElo "2216"]
[PlyCount "68"]
[EventDate "1999.09.11"]
[EventType "swiss"]
[EventRounds "9"]
[EventCountry "AUT"]
[SourceTitle "EXT 2001"]
[Source "ChessBase"]
[SourceDate "2000.11.22"]
[SourceVersion "1"]
[SourceVersionDate "2000.11.22"]
[SourceQuality "1"]

1. d4 Nf6 2. c4 c5 3. d5 b5 4. b3 Qa5+ 5. Bd2 b4 6. Qc2 g6 7. Bc1 Bg7 8. Bb2 0-0 9. Nd2 e6 10. dxe6 fxe6 11. Ngf3 Bb7 12. e3 d5 13. Be2 Nbd7 14. a3 bxa3 15. Bc3 Qc7 16. Rxa3 Qd6 17. Qb2 Nh5 18. Bxg7 Nxg7 19. 0-0 Nf5 20. Raa1 d4 21. exd4 cxd4 22. Qc2 e5 23. Ne4 Bxe4 24. Qxe4 Rfe8 25. Nh4 Nxh4 26. Qxh4 e4 27. Rfd1 d3 28. Qg5 Nc5 29. Rab1 Rab8 30. b4 Na4 31. Qd2 Qe5 32. f4 Qd4+ 33. Kh1 Nc3 34. Qb2 Red8 0-1

[Event "Wattens op 12th"]
[Site "Wattens"]
[Date "1997.??.??"]
[Round "?"]
[White "Steck, Werner"]
[Black "Volf, Rudolf"]
[Result "0-1"]
[WhiteElo "1750"]
[BlackElo "1630"]
[PlyCount "112"]
[EventDate "1997.??.??"]
[EventType "swiss"]
[EventRounds "9"]
[EventCountry "AUT"]
[SourceTitle "EXT 2000"]
[Source "ChessBase"]
[SourceDate "1999.11.16"]
[SourceVersion "1"]
[SourceVersionDate "1999.11.16"]
[SourceQuality "1"]

1. e4 d5 2. exd5 Qxd5 3. Nc3 Qa5 4. Nf3 Bg4 5. Be2 Nf6 6. d3 e6 7. Bd2 c6 8. Ne4 Qd8 9. Nxf6+ Qxf6 10. Bc3 Qd8 11. Ne5 Bxe2 12. Qxe2 Nd7 13. 0-0 Nf6 14. Ng4 Be7 15. Rae1 0-0 16. b3 Nxg4 17. Qxg4 Bf6 18. Be5 Bxe5 19. Rxe5 Qe7 20. a4 Rad8 21. h4 Rd5 22. Re3 Rfd8 23. g3 Rd4 24. Qe2 R4d5 25. Re1 Qf6 26. Re5 Rxe5 27. Qxe5 Qxe5 28. Rxe5 Kf8 29. f4 Ke7 30. Kf2 f6 31. Re4 c5 32. f5 e5 33. Rg4 Kf7 34. Ke3 a6 35. h5 h6 36. c3 b5 37. a5 Rd6 38. d4 exd4+ 39. cxd4 Rd5 40. dxc5 Rxc5 41. Rd4 Rxf5 42. Rd6 Rxh5 43. Rxa6 Rg5 44. Kf4 b4 45. Ra7+ Kg6 46. a6 Ra5 47. Ke4 Ra3 48. Kd4 Rxb3 49. Rb7 Rxg3 50. a7 Ra3 51. Kc4 b3 52. Kc3 h5 53. Kb2 Ra6 54. Kxb3 h4 55. Kb2 h3 56. Rb8 Rxa7 0-1

[Event "Wattens op 12th"]
[Site "Wattens"]
[Date "1997.??.??"]
[Round "?"]
[White "Steck, Werner"]
[Black "Wiesinger, Bianca"]
[Result "1/2-1/2"]
[WhiteElo "1750"]
[BlackElo "1610"]
[PlyCount "45"]
[EventDate "1997.??.??"]
[EventType "swiss"]
[EventRounds "9"]
[EventCountry "AUT"]
[SourceTitle "EXT 2000"]
[Source "ChessBase"]
[SourceDate "1999.11.16"]
[SourceVersion "1"]
[SourceVersionDate "1999.11.16"]
[SourceQuality "1"]

1. e4 c5 2. Nc3 d6 3. g3 Nf6 4. Bg2 g6 5. f4 Bg7 6. Nf3 0-0 7. 0-0 Nc6 8. d3 a6 9. Nd5 e6 10. Nxf6+ Bxf6 11. c3 Bg7 12. Be3 Qe7 13. Qd2 f5 14. exf5 exf5 15. Rfe1 Qc7 16. d4 b6 17. Re2 Bb7 18. Ng5 Nd8 19. d5 b5 20. Rae1 Qd7 21. Bf2 Bf6 22. Ne6 Re8 23. h4 1/2-1/2

[Event "Wattens op 10th"]
[Site "Wattens"]
[Date "1995.??.??"]
[Round "?"]
[White "Steck, Werner"]
[Black "Hillgarter, Erik"]
[Result "1-0"]
[WhiteElo "1650"]
[BlackElo "1835"]
[PlyCount "145"]
[EventDate "1995.??.??"]
[EventType "swiss"]
[EventRounds "9"]
[EventCountry "AUT"]
[SourceTitle "EXT 2000"]
[Source "ChessBase"]
[SourceDate "1999.11.16"]
[SourceVersion "1"]
[SourceVersionDate "1999.11.16"]
[SourceQuality "1"]

1. e4 e5 2. Nf3 Nc6 3. d4 exd4 4. Nxd4 Nf6 5. Bg5 h6 6. Nxc6 bxc6 7. Bxf6 Qxf6 8. c3 Bc5 9. Qc2 0-0 10. Bd3 d6 11. 0-0 Qg5 12. Kh1 f5 13. f4 Qh5 14. exf5 Bxf5 15. Bxf5 Rxf5 16. Nd2 Raf8 17. g3 Re8 18. Rae1 Rff8 19. Nb3 Bb6 20. Qg2 d5 21. g4 Qh4 22. Qg3 Qxg3 23. hxg3 c5 24. Kg2 Kf7 25. Kf3 d4 26. Nd2 dxc3 27. bxc3 Rd8 28. Nc4 Rd3+ 29. Re3 Rxe3+ 30. Kxe3 Rd8 31. a4 Re8+ 32. Kf3 c6 33. Rd1 Bc7 34. Rd7+ Re7 35. Rxe7+ Kxe7 36. Ke4 Ke6 37. Ne3 Kf6 38. Nf1 Ke6 39. Kd3 Kf6 40. Ne3 g6 41. Ke4 Bd6 42. Nf1 Bc7 43. Nd2 Ke6 44. Nf3 Bd6 45. g5 h5 46. c4 Bc7 47. Nh4 Kf7 48. Kf3 a6 49. g4 Ba5 50. gxh5 gxh5 51. Kg2 Ke6 52. Kf3 Bd2 53. Ke4 Be1 54. Nf3 Bg3 55. Ng1 h4 56. f5+ Kf7 57. Kf3 Ke7 58. Kg4 Kd6 59. Nf3 Bf2 60. g6 Ke7 61. Nxh4 Kf6 62. Nf3 Be3 63. Ne1 Bd2 64. Nd3 Be3 65. Nf4 Kg7 66. Kg5 Bd2 67. f6+ Kg8 68. Kf5 Bc3 69. f7+ Kg7 70. Ne6+ Kh6 71. f8Q+ Kh5 72. Qe7 Bd2 73. Ng7+ 1-0

[Event "Wattens op 10th"]
[Site "Wattens"]
[Date "1995.??.??"]
[Round "?"]
[White "Steck, Werner"]
[Black "Kornthaler, Reinhard"]
[Result "1/2-1/2"]
[WhiteElo "1650"]
[BlackElo "1825"]
[PlyCount "115"]
[EventDate "1995.??.??"]
[EventType "swiss"]
[EventRounds "9"]
[EventCountry "AUT"]
[SourceTitle "EXT 2000"]
[Source "ChessBase"]
[SourceDate "1999.11.16"]
[SourceVersion "1"]
[SourceVersionDate "1999.11.16"]
[SourceQuality "1"]

1. e4 c5 2. Nf3 d6 3. d4 cxd4 4. Nxd4 Nf6 5. Bd3 a6 6. 0-0 e5 7. Nb3 Be6 8. Bg5 Nbd7 9. Nc3 h6 10. Bh4 g5 11. Bg3 b5 12. Nd5 Nb6 13. Nxf6+ Qxf6 14. Qe2 Qd8 15. Nd2 Qc7 16. b3 Qc6 17. Qh5 Qc8 18. Qe2 Be7 19. c4 h5 20. f3 b4 21. Bf2 Nd7 22. Be3 Nf8 23. c5 dxc5 24. Nc4 Bxc4 25. Bxc4 Ne6 26. Bxe6 Qxe6 27. Rac1 Rc8 28. Qc4 0-0 29. Qxe6 fxe6 30. Rc4 Rc6 31. Rd1 Rfc8 32. h4 gxh4 33. Rd7 R8c7 34. Rxc7 Rxc7 35. Kh2 Rd7 36. Bxc5 Bg5 37. Rc2 Rd1 38. Bf2 Rf1 39. g3 hxg3+ 40. Kxg3 Bf4+ 41. Kg2 Rc1 42. Rxc1 Bxc1 43. Kh3 Kf7 44. Kh4 Kg6 45. Bc5 Bg5+ 46. Kh3 Bd2 47. Be7 Be1 48. Bd8 Bc3 49. Be7 Bd2 50. Bd8 Be1 51. Be7 Kf7 52. Bd8 Ke8 53. Bf6 Bc3 54. Kh4 Kf7 55. Bg5 Kg6 56. Bd8 Be1+ 57. Kh3 Kf7 58. Bg5 1/2-1/2

[Event "Wattens op 09th"]
[Site "Wattens"]
[Date "1994.??.??"]
[Round "6"]
[White "Steck, Werner"]
[Black "Kapferer, Romed"]
[Result "0-1"]
[WhiteElo "1640"]
[BlackElo "1875"]
[PlyCount "30"]
[EventDate "1994.??.??"]
[EventType "swiss"]
[EventRounds "9"]
[EventCountry "AUT"]
[SourceTitle "EXT 2000"]
[Source "ChessBase"]
[SourceDate "1999.11.16"]
[SourceVersion "1"]
[SourceVersionDate "1999.11.16"]
[SourceQuality "1"]

1. d4 f5 2. c4 Nf6 3. Nc3 g6 4. e3 Bg7 5. Nf3 0-0 6. Bd3 d6 7. Qc2 Nc6 8. a3 e5 9. d5 e4 10. dxc6 exf3 11. gxf3 bxc6 12. f4 Qe7 13. h4 h5 14. Bd2 Ng4 15. Ne2 Bf6 0-1